000 00278nam a2200109Ia 4500
008 190914s9999||||xx |||||||||||||| ||und||
100 _aSitagita,Rupa
245 0 _aSitagita Speaks on Corporate Etiquette
260 _aNew Delhi
_bPrentice Hall
_c2000
300 _a850
942 _cBK
999 _c8828
_d8828